000
00352nam a2200145Ia 4500
008
231217s9999 xx 000 0 und d
041
_a
English
082
_a
001.6424C NII.1;1 R
100
_a
NIIT
245
0
_a
Programming in c++ part-I
260
_c
1999
_b
NIIT
_a
New Delhi
300
_a
5.21
650
_a
Programming,c++,part-I
942
_c
AA
999
_c
193206
_d
193206